Giáo trình tHu thực hành

में बचाया:
ग्रंथसूची विवरण
मुख्य लेखक: Ths.Phan Hiểu MinhTs.Nguyễn Ngọc ThanThs. Châu Thành Nghĩa
स्वरूप: पुस्तक
भाषा:Vietnamese
प्रकाशित: TKE 2000
टैग : टैग जोड़ें
कोई टैग नहीं, इस रिकॉर्ड को टैग करने वाले पहले व्यक्ति बनें!
Thư viện lưu trữ: Mạng thư viện Đại học Đà Nẵng
LEADER 00669nam a2200277 4500
001 000025655
003 1217
005 20150325120000.0
008 150325s vm 000 vie
020 |c 33000,0000 
040 |a NOTTS 
100 |a Ths.Phan Hiểu MinhTs.Nguyễn Ngọc ThanThs. Châu Thành Nghĩa 
245 |a Giáo trình tHu thực hành 
260 |b TKE  |c 2000 
300 |a 214tr. ; 
OWN |a LTT 
999 |a From the UDN01 
TYP |a Monograph 
TYP |a Printed language 
980 |a Mạng thư viện Đại học Đà Nẵng